000
00246nam a22001097a 4500
999
_c
263446
_d
263445
020
_a
9780545415668
100
_a
Sarah Mlynowski.
245
_a
Fairest of all
250
_a
1st ed.
260
_a
New York
_b
Scholastic Press
_c
2012.
942
_c
BK